Is international law international? (Record no. 48367)

MARC details
000 -LEADER
fixed length control field 00609nam a2200157 a 4500
008 - FIXED-LENGTH DATA ELEMENTS--GENERAL INFORMATION
fixed length control field 200806s2019 ||||||||||||||||| || u
020 ## - INTERNATIONAL STANDARD BOOK NUMBER
International Standard Book Number 9780190066055
050 ## - LIBRARY OF CONGRESS CALL NUMBER
Classification number KJ 161 Rob
100 ## - MAIN ENTRY--PERSONAL NAME
Personal name Roberts, Anthea
245 10 - TITLE STATEMENT
Title Is international law international?
Statement of responsibility, etc. By Anthea Roberts
260 ## - PUBLICATION, DISTRIBUTION, ETC.
Place of publication, distribution, etc. Oxford
Name of publisher, distributor, etc. Oxford University Press
Date of publication, distribution, etc. 2019
300 ## - PHYSICAL DESCRIPTION
Extent xxvi, 406 pages
650 ## - SUBJECT ADDED ENTRY--TOPICAL TERM
Topical term or geographic name entry element INTERNATIONAL LAW--STUDY AND TEACHING
650 #0 - SUBJECT ADDED ENTRY--TOPICAL TERM
Topical term or geographic name entry element INTERNATIONAL LAW
995 ## - RECOMMENDATION 995 [LOCAL, UNIMARC FRANCE]
-- 17.17
-- CBU-MAIN LIBRARY (Kitwe)
-- 1
-- AVAILABLE
-- Aug 7, 2020
-- Main Library Open Access Collection
Holdings
Withdrawn status Lost status Source of classification or shelving scheme Damaged status Not for loan Home library Current library Shelving location Date acquired Total Checkouts Full call number Barcode Date last seen Price effective from Koha item type
          CBU-MAIN LIBRARY, KITWE. CBU-MAIN LIBRARY, KITWE.   11/30/2022   KJ 161 Rob 750231 11/30/2022 11/30/2022 MONOGRAPH